|
|
|
|
| LEADER |
00000nab a2200000ua 4500 |
| 001 |
vtls010804056 |
| 003 |
SK-MaSNL |
| 005 |
20260304010537.0 |
| 008 |
230214s2007 xo |||||||||||||||||eng| |
| 035 |
|
|
|a (urnnbn)urn:nbn:sk:snk:ar-a03iry
|
| 035 |
|
|
|a (uuid)221882b8-d622-4d76-a6c9-7b418c5bdbbb
|
| 035 |
|
|
|a urn:nbn:sk:snk-ab5apv
|
| 040 |
|
|
|a SNKBUCL
|b slo
|c SNKBUCL
|e AACR2
|
| 041 |
0 |
|
|a eng
|
| 044 |
|
|
|a xo
|c SK
|
| 100 |
1 |
|
|a Furdová, Alena,
|d 1963-
|4 aut
|9 209798
|
| 245 |
1 |
0 |
|a Conjunctival nevus and melanoma
|c A. Furdova, K. Pesko, M. Kobzova, P. Strmen
|
| 700 |
1 |
|
|a Peško, K.
|4 aut
|9 1207177
|
| 700 |
1 |
|
|a Kobzová, M.
|4 aut
|9 1288517
|
| 700 |
1 |
|
|a Strmeň, Peter,
|d 1942-2024
|4 aut
|9 248666
|
| 773 |
0 |
|
|t Bratislavské lekárske listy
|g Roč. 108, č. 7 (2007), s. 287-291
|
| 954 |
|
|
|a odborná, vedecká literatúra pôvodná (slovenská)
|2 lita
|
| 958 |
|
|
|a OND
|
| 958 |
|
|
|a EUIPO
|
| 958 |
|
|
|a article3
|
| 999 |
|
|
|c 2561455
|d 2563385
|